The toad and diamonds (KHMER) / (Record no. 48876)
| 000 -LEADER | |
|---|---|
| fixed length control field | 00276nam a2200109 4500 |
| 020 ## - INTERNATIONAL STANDARD BOOK NUMBER | |
| International Standard Book Number | 9789996351020 |
| 100 ## - MAIN ENTRY--PERSONAL NAME | |
| Personal name | Sok, Ang |
| 9 (RLIN) | 86262 |
| 245 ## - TITLE STATEMENT | |
| Title | The toad and diamonds (KHMER) / |
| Statement of responsibility, etc | Ang Sok |
| 260 ## - PUBLICATION, DISTRIBUTION, ETC. (IMPRINT) | |
| Place of publication, distribution, etc | Cambodia |
| Name of publisher, distributor, etc | JS |
| Date of publication, distribution, etc | 2009 |
| 300 ## - PHYSICAL DESCRIPTION | |
| Extent | 18 p. |
| Other physical details | col. ill. |
| Dimensions | 21 cm. |
| 942 ## - ADDED ENTRY ELEMENTS (KOHA) | |
| Source of classification or shelving scheme | |
| Koha item type | Book |
| Withdrawn status | Lost status | Source of classification or shelving scheme | Damaged status | Not for loan | Collection code | Home library | Current library | Date acquired | Total Checkouts | Full call number | Barcode | Checked out | Date last seen | Date checked out | Price effective from | Koha item type | Total Renewals |
|---|---|---|---|---|---|---|---|---|---|---|---|---|---|---|---|---|---|
| Siem Riep | Asian Hope Early Years Library | Asian Hope Early Years Library | 05/22/2025 | 10 | KHMER E SOK | 208495 | 04/29/2026 | 04/22/2026 | 05/22/2025 | Book | 1 | ||||||
| Siem Riep | Asian Hope Primary Library | Asian Hope Primary Library | 04/28/2025 | 11 | KHMER E SOK | 208118 | 05/07/2026 | 04/30/2026 | 04/30/2026 | 04/28/2025 | Book |